Normal view
MARC view
Entry Personal Name
001 - CONTROL NUMBER
- control field: 44341
003 - CONTROL NUMBER IDENTIFIER
- control field: ARRUPE
005 - DATE AND TIME OF LATEST TRANSACTION
- control field: 20190131123010.0
008 - FIXED-LENGTH DATA ELEMENTS
- fixed length control field: 190131|| aca||aabn | a|a d
040 ## - CATALOGING SOURCE
- Original cataloging agency: ARRUPE
- Transcribing agency: ARRUPE
100 ## - HEADING--PERSONAL NAME
- Personal name: Wissmann, Hermann von,
- Dates associated with a name: 1895-
- Relator term: joint author.
670 ## - SOURCE DATA FOUND
- Source citation: Work cat.: (ARRUPE)0: Meulen, D. van der (Daniƫl) 44338, Hadramaut;, 1964.